Libros del 98 (Record no. 16020)

MARC details
000 -LEADER
campo de control de longitud fija 00987nam a2200253 i 4500
001 - NÚMERO DE CONTROL
campo de control 16020
003 - IDENTIFICADOR DE NÚMERO DE CONTROL
campo de control ES-MaACL
005 - FECHA Y HORA DE LA ÚLTIMA TRANSACCIÓN
campo de control 20230906151228.0
007 - CAMPO FIJO DE DESCRIPCIÓN FÍSICA--INFORMACIÓN GENERAL
campo de control de longitud fija t|
008 - DATOS DE LONGITUD FIJA--INFORMACIÓN GENERAL
campo de control de longitud fija 000601s1998 sp af |||| | spa
020 ## - NÚMERO INTERNACIONAL ESTÁNDAR DEL LIBRO
Número Internacional Estándar del Libro 84-7846-757-2
080 ## - NÚMERO DE LA CLASIFICACIÓN DECIMAL UNIVERSAL
Número de la Clasificación Decimal Universal 821.134.2"18/19"(064.3)
245 00 - MENCIÓN DEL TÍTULO
Título Libros del 98
Resto del título : dos orillas para un siglo : fondo bibliográfico y artístico de Javier Cabornero Domingo.
260 ## - PUBLICACIÓN, DISTRIBUCIÓN, ETC.
Lugar de publicación, distribución, etc. [Valladolid] :
Nombre del editor, distribuidor, etc. Consejería de Educación y Cultura,
Fecha de publicación, distribución, etc. 1998.
300 ## - DESCRIPCIÓN FÍSICA
Extensión 181 p., [11] p. de lám. :
Otras características físicas il. col. y n. ;
Dimensiones 27 cm.
500 ## - NOTA GENERAL
Nota general Exposición: Monasterio de Prado, Valladolid, 4 al 30 de mayo de 1998.
650 #4 - PUNTO DE ACCESO ADICIONAL DE MATERIA--TÉRMINO DE MATERIA
Término de materia o nombre geográfico como elemento de entrada Generación del 98 (Literatura)-
Subdivisión de forma Exposiciones.
9 (RLIN) 167922
655 #7 - TERMINO DE INDIZACIÓN--GENERO/FORMA
Fuente del término tgfbne
9 (RLIN) 193628
Datos o término principal de género/forma Catálogos de exposiciones
710 2# - ENTRADA AGREGADA--NOMBRE DE ENTIDAD CORPORATIVA
Nombre de entidad corporativa o nombre de jurisdicción como elemento de entrada Monasterio de Nuestra Señora de Prado.
9 (RLIN) 5738
710 1# - ENTRADA AGREGADA--NOMBRE DE ENTIDAD CORPORATIVA
Nombre de entidad corporativa o nombre de jurisdicción como elemento de entrada Castilla y León.
Unidad subordinada Consejería de Educación y Cultura.
9 (RLIN) 2500
852 ## - LOCALIZACIÓN
Ubicación ES-MaACL
Número de control de estantería L-23197
942 ## - ELEMENTOS DE ENTRADA SECUNDARIOS (KOHA)
Fuente del sistema de clasificación o colocación Clasificación decimal universal
Holdings
Estatus retirado Estado de pérdida Estado de daño No para préstamo Biblioteca de origen Biblioteca actual Ubicación en estantería Fecha de adquisición Fuente de adquisición Total de préstamos Signatura topográfica completa Código de barras Visto por última vez Precio de reemplazo Tipo de ítem Koha
        Biblioteca del Ateneo de Madrid Biblioteca del Ateneo de Madrid Depósito 2 17/01/2008     L-23197 1016281 23/02/2023 23/02/2023 Libro impreso